Les villes les plus froides de France - Statistiques

Statistiques générales
  • Ce quiz a été pris 747 fois
  • Le résultat moyen est 8 sur 20
Statistiques - réponses
Moyenne à l'année depuis 1991 Ville % Correct
11,3°C Lille
92%
11,1°C Metz
64%
11°C Nancy
62%
11,1°C Annecy
59%
11°C Calais
56%
11,2°C Reims
55%
11,1°C Amiens
52%
11,1°C Mulhouse
50%
11,3°C Colmar
49%
10,8°C Arras
39%
9,9°C Charleville-Mézières
39%
11°C Beauvais
33%
10,7°C Belfort
31%
11°C Valenciennes
31%
11,2°C Boulogne-sur-Mer
22%
11,2°C Châlons-en-Champagne
22%
10,8°C Saint-Quentin
22%
11,2°C Compiègne
16%
10,2°C Thionville
15%
11,2°C Evreux
11%
Aucun quiz correspondant
Distribution des résultats
% des personnes avec chaque résultat
Percentile par nombre de réponses
Votre historique - résultats
Vous n’avez pas pris ce quiz